000 00669nam a22002177a 4500
003 OSt
005 20250704112638.0
008 250704b |||||||| |||| 00| 0 eng d
020 _a9780073363356
040 _aSEKU
050 _aHG 4026
_b.R66 1995
100 _aRoss, Stephen A.
245 _aSolutions manual for use with corporate finance :
_bcore principles and applications /
_cStephen A. Ross.
250 _a2nd
260 _aBoston :
_bMcGraw-Hill,
_c2009.
650 _2Corporate finance
700 _aWesterfield, Randolph W.
700 _aJaffe, Jeffrey F.
700 _aJordan, Bradford D.
942 _2lcc
_cGEN
_hHG 4026
_i.R66 1995
999 _c18569
_d18569